| 000 | 00000nam##2200000za#4500 |
| 001 | 9.699422 |
| 003 | CaOODSP |
| 005 | 20210625000356 |
| 007 | cr ||||||||||| |
| 008 | 150407|1991||||xxc|||||o f|0| 0 eng|d |
| 040 | |aCaOODSP|beng |
| 043 | |an-cn--- |
| 086 | 1 |aEn108-3/1-13E-PDF |
| 110 | 1 |aCanada.|bCanadian Council of Ministers of the Environment. |
| 245 | 10|aNational guidelines for decommissioning industrial sites / |h[electronic resource]|cby Monenco Consultants Ltd., for the Decommissioning Steering Committee. |
| 260 | |aWinnipeg - Manitoba : |bCanadian Council of Ministers of the Environment |cMarch 1991. |
| 300 | |a114p.|bfigs., glossary, tables |
| 590 | |a14-12-Supp|b2014-05-30 |
| 690 | 07|aGuidelines|2gcpds |
| 690 | 07|aHazardous waste|2gcpds |
| 690 | 07|aWaste management|2gcpds |
| 775 | 08|tLignes directrices nationales sur la désaffectation des sites industriels / |w(CaOODSP)9.643408 |
| 856 | 40|ahttp://publications.gc.ca|qPDF|s5924 KB|uhttps://publications.gc.ca/collections/collection_2014/ccme/En108-3-1-13-eng.pdf |
| 986 | |aCCME-TS/WM-TRE013E |